000 00313nam a22001457a 4500
008 210426b ||||| |||| 00| 0 eng d
020 _a2901565490450
041 _aeng
080 _23rd
_a316
082 _a316
100 _a50
101 _aSOC
245 _aPromises Not Kept
_cIsbister,J
942 _2udc
_cBK
999 _c56790
_d56790